[Event "EU-ch U18 28th"]
[Site "Riga"]
[Date "2018.08.21"]
[Round "2"]
[White "Burhanov, Vassily"]
[Black "Obgolts, Erik"]
[Result "1/2-1/2"]
[WhiteElo "1962"]
[BlackElo "2334"]
[PlyCount "141"]
[EventDate "2018.08.20"]
[EventType "swiss"]
[EventRounds "9"]
[EventCountry "LAT"]
[SourceTitle "CBM 186 Extra"]
[Source "ChessBase"]
[SourceDate "2018.08.24"]
[SourceVersion "1"]
[SourceVersionDate "2018.08.24"]
[SourceQuality "1"]

1. d4 Nf6 2. Nf3 g6 3. Nbd2 Bg7 4. e4 d6 5. Bd3 0-0 6. 0-0 Nc6 7. c3 e5 8. h3 Nh5 9. dxe5 Nf4 10. Bb5 Nxe5 11. Nxe5 dxe5 12. Nf3 Qf6 13. Bxf4 Qxf4 14. Qe2 c6 15. Bc4 Bd7 16. Rad1 Rad8 17. Rd6 Bc8 18. Rfd1 Rxd6 19. Rxd6 Kh8 20. g3 Qh6 21. h4 Bg4 22. Qd3 Qc1+ 23. Kg2 b5 24. Bb3 c5 25. c4 Bxf3+ 26. Qxf3 bxc4 27. Rd1 Qxb2 28. Bxc4 Qb7 29. Bd5 Qe7 30. Rb1 f5 31. Rb7 Qd6 32. Rxa7 c4 33. Qe3 f4 34. Qa3 Qf6 35. Ra6 Qd8 36. Qc5 fxg3 37. fxg3 Qb8 38. Rb6 Qa7 39. Bxc4 Qa4 40. Rb2 h5 41. Rd2 Kh7 42. Qc7 Qa3 43. Bb3 Qb4 44. Qc2 Rc8 45. Qd3 Rc3 46. Qe2 Qe7 47. Rd1 Rc6 48. Bd5 Rf6 49. Rb1 Qa7 50. Rb7 Qd4 51. Rb8 Bf8 52. Rb7+ Kh8 53. Rf7 Rxf7 54. Bxf7 Kg7 55. Bd5 Bc5 56. Qf1 Qd2+ 57. Kh3 Qf2 58. Qxf2 Bxf2 59. Kg2 Be1 60. a4 Kf6 61. Bc6 Ke7 62. Kf3 Ba5 63. Ke2 Bb4 64. Kf2 Ba5 65. Bd5 Bb4 66. g4 hxg4 67. Kg3 Kf6 68. Kxg4 Be1 69. Bc6 Kf7 70. Bb5 Bd2 71. Bc4+ 1/2-1/2

[Event "EU-ch U18 28th"]
[Site "Riga"]
[Date "2018.08.20"]
[Round "1"]
[White "Di Benedetto, Edoardo"]
[Black "Burhanov, Vassily"]
[Result "1/2-1/2"]
[WhiteElo "2294"]
[BlackElo "1962"]
[PlyCount "72"]
[EventDate "2018.08.20"]
[EventType "swiss"]
[EventRounds "9"]
[EventCountry "LAT"]
[SourceTitle "CBM 186 Extra"]
[Source "ChessBase"]
[SourceDate "2018.08.24"]
[SourceVersion "1"]
[SourceVersionDate "2018.08.24"]
[SourceQuality "1"]

1. e4 e6 2. Nf3 d5 3. exd5 exd5 4. d4 Nf6 5. Bd3 Bd6 6. 0-0 0-0 7. Bg5 Bg4 8. Nbd2 Nbd7 9. Re1 c6 10. c3 Qc7 11. Qc2 Rfe8 12. h3 Bh5 13. Nh4 Bh2+ 14. Kf1 Bf4 15. Bxf4 Qxf4 16. g3 Qc7 17. Kg2 Bg6 18. Nxg6 hxg6 19. f4 Rxe1 20. Rxe1 Re8 21. Rxe8+ Nxe8 22. Nf3 Ndf6 23. Ne5 Nd6 24. a3 Qe7 25. Qa4 a6 26. Qb4 Qc7 27. a4 Nfe4 28. a5 g5 29. fxg5 Nxg5 30. Qb6 Qc8 31. g4 Nge4 32. c4 dxc4 33. Nxc4 Nxc4 34. Bxc4 Nd6 35. Qb4 Nxc4 36. Qxc4 Qe8 1/2-1/2

[Event "Moscow op-A 14th"]
[Site "Moscow"]
[Date "2018.02.03"]
[Round "8"]
[White "Burhanov, Vassily"]
[Black "Khelemendik, Roman"]
[Result "1-0"]
[WhiteElo "1934"]
[BlackElo "2027"]
[PlyCount "57"]
[EventDate "2018.01.27"]
[EventType "swiss"]
[EventRounds "9"]
[EventCountry "RUS"]
[SourceTitle "CBM 182 Extra"]
[Source "ChessBase"]
[SourceDate "2018.02.23"]
[SourceVersion "1"]
[SourceVersionDate "2018.02.23"]
[SourceQuality "1"]

1. d4 Nf6 2. Nf3 e6 3. e3 c5 4. Bd3 d5 5. 0-0 Nc6 6. b3 cxd4 7. exd4 Qc7 8. a3 Bd6 9. Bb2 Ng4 10. h3 h5 11. Nbd2 e5 12. dxe5 Ngxe5 13. Nxe5 Nxe5 14. Re1 Be6 15. Nf3 Nxd3 16. cxd3 Kf8 17. Rc1 Qd7 18. Ne5 Qe7 19. f4 Bxa3 20. Bxa3 Qxa3 21. Ng6+ fxg6 22. Rxe6 Qb4 23. Qe2 Rh6 24. Qe5 Kg8 25. Re8+ Rxe8 26. Qxe8+ Kh7 27. Rc8 g5 28. f5 Qd4+ 29. Kh1 1-0

[Event "Moscow op-A 14th"]
[Site "Moscow"]
[Date "2018.01.29"]
[Round "3"]
[White "Serikbay, Assel"]
[Black "Burhanov, Vassily"]
[Result "1-0"]
[WhiteElo "2188"]
[BlackElo "1934"]
[PlyCount "99"]
[EventDate "2018.01.27"]
[EventType "swiss"]
[EventRounds "9"]
[EventCountry "RUS"]
[SourceTitle "CBM 182 Extra"]
[Source "ChessBase"]
[SourceDate "2018.02.23"]
[SourceVersion "1"]
[SourceVersionDate "2018.02.23"]
[SourceQuality "1"]

1. d4 e6 2. c4 c5 3. d5 exd5 4. cxd5 d6 5. Nc3 Nf6 6. e4 Be7 7. h3 0-0 8. Nf3 Re8 9. Bd3 a6 10. a4 b6 11. 0-0 Nbd7 12. Re1 Qc7 13. Bf4 Bb7 14. Bh2 Bf8 15. Nd2 Ne5 16. Bf1 g5 17. Nc4 Nfd7 18. Ne3 Ng6 19. Nf5 h6 20. Qh5 Nf6 21. Nxh6+ Kh7 22. Qxg5 Nxd5 23. Ng4 Nxc3 24. Nf6+ Kg7 25. Nxe8+ Rxe8 26. bxc3 Rxe4 27. Rxe4 Bxe4 28. Bxa6 Bc6 29. Bd3 Be7 30. Qg4 Bf6 31. Rc1 Qe7 32. Qe2 Qd7 33. Bb5 d5 34. c4 Bxb5 35. axb5 dxc4 36. Qxc4 Qd2 37. Qc2 Qd7 38. Qe2 Bd4 39. Rd1 Qf5 40. Bc7 Qf6 41. Rf1 Ne5 42. Kh1 Kf8 43. Re1 Ng6 44. Qf3 Qxf3 45. gxf3 c4 46. Re4 Bxf2 47. Rxc4 Ke7 48. Rc6 Nh4 49. Bxb6 Bxb6 50. Rxb6 1-0

[Event "Pardubice Czech op-B 28th"]
[Site "Pardubice"]
[Date "2017.07.29"]
[Round "9"]
[White "Burhanov, Vassily"]
[Black "Galicek, Stanislav"]
[Result "0-1"]
[WhiteElo "1978"]
[BlackElo "2065"]
[PlyCount "72"]
[EventDate "2017.07.21"]
[EventType "swiss"]
[EventRounds "9"]
[EventCountry "CZE"]
[SourceTitle "CBM 179 Extra"]
[Source "ChessBase"]
[SourceDate "2017.08.23"]
[SourceVersion "1"]
[SourceVersionDate "2017.08.23"]
[SourceQuality "1"]

1. e4 c5 2. Nc3 d6 3. g3 Nc6 4. Bg2 g6 5. d3 Bg7 6. Be3 Nf6 7. h3 0-0 8. Qd2 e5 9. Bh6 Be6 10. Bxg7 Kxg7 11. Nd5 Bxd5 12. exd5 Ne7 13. c4 Nf5 14. Ne2 Qe7 15. g4 Nh4 16. 0-0 Nd7 17. Ng3 f5 18. gxf5 Nxf5 19. Nxf5+ Rxf5 20. f4 Rxf4 21. Rxf4 exf4 22. Qxf4 Rf8 23. Qd2 Qe5 24. Re1 Qd4+ 25. Kh1 Ne5 26. Qa5 Rf7 27. Rxe5 Qxe5 28. Qxa7 Qxb2 29. Qb8 Qe5 30. Qd8 Qe7 31. Qb6 Rf2 32. d4 Rd2 33. Qb3 Rxd4 34. Qc2 Qe3 35. Qb1 Kh6 36. Qf1 Qf4 0-1

[Event "EU-ch U16 26th"]
[Site "Prague"]
[Date "2016.08.27"]
[Round "9.58"]
[White "Burhanov, Vassily"]
[Black "Nemec, Jakub"]
[Result "1-0"]
[WhiteElo "1888"]
[BlackElo "1563"]
[PlyCount "43"]
[EventDate "2016.08.18"]
[EventType "swiss"]
[EventRounds "9"]
[EventCountry "CZE"]
[SourceTitle "CBM 174 Extra"]
[Source "ChessBase"]
[SourceDate "2016.10.10"]
[SourceVersion "1"]
[SourceVersionDate "2016.10.10"]
[SourceQuality "1"]

1. e4 c5 2. Nc3 Nc6 3. g3 g6 4. Bg2 Bg7 5. d3 e6 6. Be3 b6 7. Qd2 Nge7 8. Bh6 0-0 9. h4 Bxh6 10. Qxh6 Kh8 11. h5 Ng8 12. Qd2 g5 13. f4 h6 14. 0-0-0 Bb7 15. Nge2 f5 16. d4 Qe7 17. dxc5 bxc5 18. e5 Rfd8 19. Nb5 Na5 20. Qxa5 Bxg2 21. Rh2 Bd5 22. Nc7 1-0

[Event "EU-ch U16 26th"]
[Site "Prague"]
[Date "2016.08.21"]
[Round "4"]
[White "Burhanov, Vassily"]
[Black "D'Avino, Gianfranco"]
[Result "1-0"]
[WhiteElo "1888"]
[BlackElo "2119"]
[PlyCount "62"]
[EventDate "2016.08.18"]
[EventType "swiss"]
[EventRounds "9"]
[EventCountry "CZE"]
[SourceTitle "CBM 174 Extra"]
[Source "ChessBase"]
[SourceDate "2016.10.10"]
[SourceVersion "1"]
[SourceVersionDate "2016.10.10"]
[SourceQuality "1"]

1. e4 e6 2. d4 d5 3. exd5 exd5 4. Nf3 Bd6 5. Bd3 Ne7 6. Bg5 f6 7. Bh4 Nbc6 8. c3 Nf5 9. Bg3 0-0 10. 0-0 Nxg3 11. hxg3 Ne7 12. Qc2 g6 13. Nbd2 c6 14. Nh4 Be6 15. Rae1 Bf7 16. Re3 Qd7 17. Rfe1 b6 18. Nf1 c5 19. dxc5 bxc5 20. Rd1 c4 21. Be2 g5 22. Rxe7 Bxe7 23. Nf5 Bc5 24. Bxc4 Kh8 25. N1e3 Bg6 26. Bxd5 Bxe3 27. Be4 Qb5 28. Nxe3 Bxe4 29. Qxe4 Qxb2 30. Rd7 Qc1+ 31. Kh2 f5 1-0

[Event "RUS-chT U14"]
[Site "Sochi"]
[Date "2015.05.05"]
[Round "5.3"]
[White "Burhanov, Vassily"]
[Black "Plaksin, Igor"]
[Result "0-1"]
[WhiteElo "1773"]
[BlackElo "1467"]
[PlyCount "106"]
[EventDate "2015.05.01"]
[EventType "team-swiss"]
[EventRounds "7"]
[EventCountry "RUS"]
[SourceTitle "EXT 2018"]
[Source "ChessBase"]
[SourceDate "2017.10.13"]
[SourceVersion "1"]
[SourceVersionDate "2017.10.13"]
[SourceQuality "1"]

1. e4 e5 2. Nf3 Nc6 3. Bc4 Nf6 4. Ng5 d5 5. exd5 Na5 6. Bb5+ c6 7. dxc6 bxc6 8. Be2 h6 9. Nf3 e4 10. Ne5 Bc5 11. c3 Qc7 12. d4 exd3 13. Nxd3 Bd6 14. h3 0-0 15. 0-0 Re8 16. Nd2 Bf5 17. Nb3 Nxb3 18. axb3 Rad8 19. Be3 Nd5 20. Qd2 Nxe3 21. fxe3 Bc5 22. Kh1 Bxd3 23. Bxd3 Rxe3 24. Rad1 Rexd3 25. Qxd3 Rxd3 26. Rxd3 Qb6 27. b4 Qa6 28. Rdf3 Be7 29. Re1 Bf6 30. g3 Qa2 31. Re2 Kf8 32. Rfe3 Kg8 33. Kh2 Qd5 34. Rg2 Bg5 35. Re8+ Kh7 36. Ree2 h5 37. h4 Bf6 38. Rgf2 Qd6 39. Rd2 Qc7 40. Kg2 c5 41. bxc5 Qxc5 42. Rd3 Qc4 43. Rdf3 Qe4 44. Kh2 Be5 45. Kh3 Qg4+ 46. Kg2 f5 47. Rd2 f4 48. Re2 Bd6 49. Rd2 Bc7 50. Rd4 Qg6 51. Rd7 Qc2+ 52. Kf1 fxg3 53. Rff7 g2+ 0-1

[Event "Moscow Petrosian Memorial op"]
[Site "Moscow"]
[Date "2015.01.10"]
[Round "7"]
[White "Gnilorybova, Victoria"]
[Black "Burhanov, Vassily"]
[Result "0-1"]
[WhiteElo "1602"]
[BlackElo "1803"]
[PlyCount "114"]
[EventDate "2015.01.04"]
[EventType "swiss"]
[EventRounds "9"]
[EventCountry "RUS"]
[SourceTitle "CBM 164 Extra"]
[Source "ChessBase"]
[SourceDate "2015.03.02"]
[SourceVersion "1"]
[SourceVersionDate "2015.03.02"]
[SourceQuality "1"]

1. e4 e6 2. d4 d5 3. exd5 exd5 4. Bd3 Bd6 5. Qf3 c6 6. Ne2 Qf6 7. Qxf6 Nxf6 8. 0-0 0-0 9. Nf4 Re8 10. Nc3 b6 11. Bd2 Na6 12. a3 Nc7 13. Rfe1 Ne6 14. Nce2 Bd7 15. Nxe6 Bxe6 16. Nf4 Re7 17. Nxe6 fxe6 18. Re2 Rae8 19. Rae1 Kf7 20. f4 c5 21. c3 c4 22. Bc2 b5 23. h3 g6 24. g4 a5 25. a4 b4 26. b3 cxb3 27. Bxb3 Ne4 28. c4 Nxd2 29. Rxd2 dxc4 30. Bxc4 Bxf4 31. Rf2 g5 32. h4 h6 33. Kg2 Kg7 34. h5 e5 35. d5 e4 36. Rfe2 e3 37. Rd1 Rc7 38. Bb5 Rd8 39. d6 Rxd6 40. Rxd6 Bxd6 41. Rxe3 Kf6 42. Kf3 Bf4 43. Rb3 Ke5 44. Ke2 Ke4 45. Bd3+ Kd4 46. Bg6 Rc3 47. Rb2 Rg3 48. Rc2 Rxg4 49. Rc6 Rg2+ 50. Kf3 Rg3+ 51. Kf2 Rc3 52. Ra6 Rc5 53. Bh7 g4 54. Kg1 Ke3 55. Kg2 Rxh5 56. Kg1 Kf3 57. Bg6 Be3+ 0-1

[Event "Moscow Petrosian Memorial op"]
[Site "Moscow"]
[Date "2015.01.05"]
[Round "2"]
[White "Gavrilov, Victor1111"]
[Black "Burhanov, Vassily"]
[Result "1-0"]
[WhiteElo "1642"]
[BlackElo "1803"]
[PlyCount "33"]
[EventDate "2015.01.04"]
[EventType "swiss"]
[EventRounds "9"]
[EventCountry "RUS"]
[SourceTitle "CBM 164 Extra"]
[Source "ChessBase"]
[SourceDate "2015.03.02"]
[SourceVersion "1"]
[SourceVersionDate "2015.03.02"]
[SourceQuality "1"]

1. d4 d5 2. Nc3 e6 3. e4 dxe4 4. Nxe4 Bd7 5. Nf3 Bc6 6. Bd3 Nd7 7. 0-0 Ngf6 8. Bg5 Be7 9. Bxf6 Nxf6 10. Nxf6+ Bxf6 11. c3 0-0 12. Re1 Qd6 13. Ne5 Rad8 14. f4 Bd5 15. Re3 c5 16. Bxh7+ Kh8 17. Qh5 1-0

[Event "Moscow Petrosian Memorial op"]
[Site "Moscow"]
[Date "2015.??.??"]
[Round "1"]
[White "Burhanov, Vassily"]
[Black "Maslov, Ivan"]
[Result "0-1"]
[WhiteElo "1803"]
[BlackElo "2257"]
[PlyCount "70"]
[EventDate "2015.01.04"]
[EventType "swiss"]
[EventRounds "9"]
[EventCountry "RUS"]
[SourceTitle "CBM 164 Extra"]
[Source "ChessBase"]
[SourceDate "2015.03.02"]
[SourceVersion "1"]
[SourceVersionDate "2015.03.02"]
[SourceQuality "1"]

1. e4 c5 2. Nc3 Nc6 3. g3 g6 4. Bg2 Bg7 5. d3 d6 6. f4 e5 7. Nf3 Nge7 8. 0-0 0-0 9. Nd5 Nxd5 10. exd5 Ne7 11. c4 exf4 12. gxf4 Bg4 13. Qc2 Nf5 14. Bd2 Re8 15. Rae1 Rxe1 16. Rxe1 Bxf3 17. Bxf3 Nd4 18. Qd1 Nxf3+ 19. Qxf3 Bxb2 20. Qe4 Qh4 21. Re2 Bd4+ 22. Be3 Qg4+ 23. Rg2 Qd1+ 24. Kf2 Bxe3+ 25. Qxe3 Qa4 26. f5 Re8 27. Qd2 Qd7 28. fxg6 Qf5+ 29. Kg1 fxg6 30. Rf2 Qg4+ 31. Kf1 Qh3+ 32. Kg1 Re3 33. Rf1 Qg4+ 34. Kf2 Rf3+ 35. Ke1 Qh4+ 0-1